[Event "Kaluga Tsiolkovsky Memorial op"]
[Site "Kaluga"]
[Date "2013.08.07"]
[Round "5"]
[White "Denisov, Nikolay"]
[Black "Popelyshev, Igor Viktorovich"]
[Result "1-0"]
[WhiteElo "2090"]
[BlackElo "2111"]
[PlyCount "39"]
[EventDate "2013.08.03"]
[EventType "swiss"]
[EventRounds "9"]
[EventCountry "RUS"]
[SourceTitle "CBM 156 Extra"]
[Source "ChessBase"]
[SourceDate "2013.10.22"]
[SourceVersion "1"]
[SourceVersionDate "2013.10.22"]
[SourceQuality "1"]

1. e4 c5 2. Nf3 d6 3. d4 cxd4 4. Nxd4 Nf6 5. Nc3 a6 6. Be3 e5 7. Nb3 Be7 8. Qd2 Ng4 9. Bd3 Nxe3 10. Qxe3 0-0 11. Nd5 Be6 12. c4 Bxd5 13. cxd5 Nd7 14. 0-0 g6 15. g3 Bg5 16. f4 Bh6 17. Qf2 Rc8 18. Rac1 exf4 19. Rxc8 fxg3 20. Qxf7+ 1-0

[Event "Kemerovo Kuzbass-ch"]
[Site "Kemerovo"]
[Date "2012.11.27"]
[Round "6"]
[White "Denisov, Nikolay"]
[Black "Sharikov, Vladimir"]
[Result "1/2-1/2"]
[WhiteElo "2101"]
[BlackElo "1868"]
[PlyCount "41"]
[EventDate "2012.11.23"]
[EventType "swiss"]
[EventRounds "9"]
[EventCountry "RUS"]
[SourceTitle "CBM 151 Extra"]
[Source "ChessBase"]
[SourceDate "2012.12.18"]
[SourceVersion "1"]
[SourceVersionDate "2012.12.18"]
[SourceQuality "1"]

1. e4 e6 2. Nf3 d5 3. e5 c5 4. b4 c4 5. d3 cxd3 6. c3 g6 7. Bxd3 Bg7 8. Bf4 Ne7 9. 0-0 0-0 10. Na3 f6 11. exf6 Bxf6 12. Be5 Nec6 13. Bxf6 Qxf6 14. Qd2 e5 15. Bc2 Be6 16. Ng5 Kg7 17. Nxe6+ Qxe6 18. Bb3 Rd8 19. Rad1 Ne7 20. Rfe1 Nbc6 21. Nb5 1/2-1/2

[Event "Kuzbass-ch"]
[Site "Kemerovo"]
[Date "2007.12.18"]
[Round "5"]
[White "Chigaev, Maksim"]
[Black "Denisov, Nikolay"]
[Result "1/2-1/2"]
[WhiteElo "2118"]
[BlackElo "2174"]
[PlyCount "96"]
[EventDate "2007.12.16"]
[EventType "swiss"]
[EventRounds "9"]
[EventCountry "RUS"]
[SourceTitle "CBM 122 Extra"]
[Source "ChessBase"]
[SourceDate "2008.03.04"]
[SourceVersion "1"]
[SourceVersionDate "2008.03.04"]
[SourceQuality "1"]

1. e4 c5 2. Nf3 Nc6 3. d4 cxd4 4. Nxd4 Nf6 5. Nc3 d6 6. Be2 e5 7. Nb3 a5 8. a4 Be7 9. 0-0 0-0 10. Be3 Nb4 11. f4 Be6 12. Bf3 exf4 13. Bxf4 Nxc2 14. Qxc2 Qb6+ 15. Kh1 Bxb3 16. Qd2 Rfc8 17. Be3 Qb4 18. Qf2 Nd7 19. Bg4 Rc7 20. Bxd7 Rxd7 21. Qg3 Re8 22. Rae1 Bf8 23. Rf4 Rde7 24. e5 Bc4 25. Ne4 Rxe5 26. Nf6+ Kh8 27. Nxe8 Rxe8 28. Rc1 d5 29. Bd4 Kg8 30. Bc3 Qb6 31. Bd4 Qh6 32. Be3 Bd6 33. Rf3 Bxg3 34. Bxh6 Be5 35. Bd2 Bxb2 36. Rb1 Bf6 37. h3 h5 38. Bxa5 Ra8 39. Bd2 Rxa4 40. Rxb7 Ra1+ 41. Kh2 h4 42. Bc3 Bxc3 43. Rxc3 Ra2 44. Rf3 d4 45. Rf4 Rxg2+ 46. Kxg2 Bd5+ 47. Kf2 Bxb7 48. Rxh4 Bc8 1/2-1/2

[Event "Kaluga Tsiolkovsky Memorial op"]
[Site "Kaluga"]
[Date "2003.??.??"]
[Round "3"]
[White "Chadaev, Nikolay"]
[Black "Denisov, Nikolay"]
[Result "1-0"]
[WhiteElo "2383"]
[BlackElo "2185"]
[PlyCount "101"]
[EventDate "2003.??.??"]
[EventType "swiss"]
[EventRounds "9"]
[EventCountry "RUS"]
[SourceTitle "EXT 2005"]
[Source "ChessBase"]
[SourceDate "2004.11.15"]
[SourceVersion "1"]
[SourceVersionDate "2004.11.15"]
[SourceQuality "1"]

1. d4 Nf6 2. c4 g6 3. g3 c5 4. Nf3 Bg7 5. Bg2 d5 6. cxd5 cxd4 7. Qa4+ Kf8 8. Qxd4 Qxd5 9. Nc3 Qxd4 10. Nxd4 Ne8 11. Be3 e5 12. Ndb5 Nc6 13. Nd5 Nd4 14. Nxd4 exd4 15. Bf4 Bd7 16. Nb4 a5 17. Nd3 Bc6 18. Bxc6 bxc6 19. Rc1 f6 20. Rxc6 g5 21. Bd2 Kf7 22. 0-0 h6 23. Rfc1 Rf8 24. R1c4 f5 25. Ra4 Kg8 26. Rxa5 Nf6 27. Rxa8 Rxa8 28. a3 Ne4 29. Bb4 Nf6 30. Bc5 Ne4 31. f3 Nd2 32. Bb4 Nb3 33. Kf1 Na5 34. Bxa5 Rxa5 35. Rc5 Ra4 36. Rxf5 Ra7 37. Ke1 Kh7 38. Rb5 Rc7 39. a4 Rc4 40. Rb4 Rc6 41. a5 Ra6 42. Ra4 Bf6 43. b4 Bd8 44. Kd2 Kg8 45. Nc5 Ra7 46. Kd3 Bf6 47. b5 Re7 48. Ne4 Be5 49. a6 Bb8 50. b6 Kf8 51. a7 1-0

[Event "Kaluga Tsiolkovsky Memorial op"]
[Site "Kaluga"]
[Date "2003.??.??"]
[Round "5"]
[White "Kostin, Konstantin"]
[Black "Denisov, Nikolay"]
[Result "1-0"]
[WhiteElo "2313"]
[BlackElo "2185"]
[PlyCount "85"]
[EventDate "2003.??.??"]
[EventType "swiss"]
[EventRounds "9"]
[EventCountry "RUS"]
[SourceTitle "EXT 2005"]
[Source "ChessBase"]
[SourceDate "2004.11.15"]
[SourceVersion "1"]
[SourceVersionDate "2004.11.15"]
[SourceQuality "1"]

1. c4 Nf6 2. Nf3 g6 3. d4 Bg7 4. Nc3 d5 5. Bg5 c6 6. e3 0-0 7. cxd5 cxd5 8. Bd3 Nc6 9. Rc1 Be6 10. 0-0 Rc8 11. a3 a6 12. Na4 Nd7 13. b4 b5 14. Nc5 Nxc5 15. Rxc5 Bf6 16. Bxf6 exf6 17. Nd2 Nb8 18. a4 Rxc5 19. dxc5 Nc6 20. axb5 Nxb4 21. Nb3 axb5 22. Bxb5 Bd7 23. Bxd7 Qxd7 24. Nd4 Rc8 25. Qb3 Nc6 26. h3 Na5 27. Qb4 Nc4 28. c6 Qc7 29. Ra1 Ne5 30. Qc5 Rb8 31. Qxd5 Rb6 32. Qc5 Kg7 33. Qc3 g5 34. Qc2 Rb8 35. Qc5 h5 36. f4 gxf4 37. exf4 Ng6 38. Ne6+ fxe6 39. Ra7 Rb1+ 40. Kh2 Qxa7 41. Qxa7+ Kf8 42. c7 Ne7 43. Qb8+ 1-0

[Event "Kaluga Region-ch"]
[Site "Kaluga"]
[Date "2002.??.??"]
[Round "?"]
[White "Denisov, Nikolay"]
[Black "Loginov, Sergej"]
[Result "0-1"]
[WhiteElo "2185"]
[BlackElo "2130"]
[PlyCount "82"]
[EventDate "2002.??.??"]
[EventType "tourn"]
[EventRounds "11"]
[EventCountry "RUS"]
[SourceTitle "EXT 2010"]
[Source "ChessBase"]
[SourceDate "2010.11.25"]
[SourceVersion "1"]
[SourceVersionDate "2010.11.25"]
[SourceQuality "1"]

1. e4 d5 2. exd5 Qxd5 3. Nc3 Qa5 4. d4 Nf6 5. Nf3 c6 6. Bc4 Bg4 7. 0-0 e6 8. h3 Bh5 9. g4 Bg6 10. Ne5 Nbd7 11. g5 Nxe5 12. dxe5 Nd7 13. Bf4 Qb4 14. Qe2 Nb6 15. Nb5 cxb5 16. Bxb5+ Nd7 17. Be3 0-0-0 18. c3 Qe4 19. Rfd1 Be7 20. Rd4 Qxe5 21. Rc4+ Nc5 22. f4 Bd3 23. Qf2 Qc7 24. Rxc5 Bxc5 25. Bxd3 Bxe3 26. Qxe3 Qb6 27. Qxb6 axb6 28. Be2 Rd2 29. Kf2 Rxb2 30. h4 h6 31. g6 fxg6 32. Ke3 g5 33. fxg5 hxg5 34. h5 Rd8 35. Bc4 Kd7 36. Rg1 Rc8 37. Kd3 Rc5 38. Re1 e5 39. Rd1 Rxc4 40. Kxc4+ Ke6 41. Rg1 Kf5 0-1